[Event "22nd ECCC Women 2017"]
[Site "Antalya"]
[Date "2017.10.13"]
[Round "5"]
[White "Choisy, Mathilde"]
[Black "Cosma, Elena-Luminita"]
[Result "1/2-1/2"]
[WhiteElo "2162"]
[BlackElo "2333"]
[Annotator "ChessBase"]
[PlyCount "60"]
[EventType "team-tourn"]
[EventCountry "TUR"]
[SourceTitle "playchess.com"]
[Source "ChessBase"]
[SourceQuality "1"]
[WhiteTeam "Mulhouse Philidor"]
[BlackTeam "Timisoara"]
[TimeControl "40/5400+30:1800+30"]

1. e4 e6 2. d4 d5 3. Nc3 Nf6 4. e5 {[%emt 0:02:00]} Nfd7 {[%emt 0:00:30]} 5. f4 {[%emt 0:00:30]} c5 {[%emt 0:01:30]} 6. Nf3 {[%emt 0:00:00]} Nc6 {[%emt 0:00:00]} 7. Be3 {[%emt 0:00:00]} cxd4 {[%emt 0:00:00]} 8. Nxd4 {[%emt 0:00:30]} Bc5 {[%emt 0:00:00]} 9. Qd2 {[%emt 0:01:30]} O-O {[%emt 0:00:00]} 10. O-O-O {[%emt 0:02:30]} a6 {[%emt 0:00:30]} 11. Qf2 {[%emt 0:04:30]} Nxd4 {[%emt 0:02:30]} 12. Bxd4 {[%emt 0:00:30]} Bxd4 {[%emt 0:14:30]} 13. Qxd4 {[%emt 0:00:00]} f6 {[%emt 0:01:30]} 14. exf6 {[%emt 0:08:00]} Qxf6 {[%emt 0:00:00]} 15. g3 {[%emt 0:01:30]} Qxd4 {[%emt 0:13:00]} 16. Rxd4 {[%emt 0:00:30]} Nf6 {[%emt 0:14:30]} 17. Bg2 {[%emt 0:10:30]} Bd7 {[%emt 0:00:30]} 18. Re1 {[%emt 0:02:30]} Rae8 {[%emt 0:01:30]} 19. Rd2 {[%emt 0:05:30]} Bc6 {[%emt 0:05:30]} 20. Bh3 {[%emt 0:13:30]} Ne4 {[%emt 0:15:30]} 21. Nxe4 {[%emt 0:06:30]} dxe4 {[%emt 0:00:30]} 22. Bg2 {[%emt 0:00:30]} e5 {[%emt 0:00:30]} 23. f5 {[%emt 0:04:30]} Rxf5 {[%emt 0:00:30]} 24. Bxe4 {[%emt 0:00:00]} Bxe4 {[%emt 0:01:30]} 25. Rxe4 {[%emt 0:00:00]} Rf1+ {[%emt 0:04:30]} 26. Rd1 {[%emt 0:00:00]} Rf2 {[%emt 0:00:00]} 27. Rd2 {[%emt 0:01:00]} Rf1+ {[%emt 0:00:00]} 28. Rd1 {[%emt 0:00:00]} Rf2 {[%emt 0:00:30]} 29. Rd2 {[%emt 0:08:00]} Rf1+ {[%emt 0:01:30]} 30. Rd1 {[%emt 0:00:30]} Rf2 {[%emt 0:11:23]} 1/2-1/2

[Event "22nd ECCC Women 2017"]
[Site "Antalya"]
[Date "2017.10.12"]
[Round "5"]
[White "Caglar, Sila"]
[Black "Girya, Olga"]
[Result "0-1"]
[WhiteElo "2153"]
[BlackElo "2505"]
[Annotator "TA"]
[PlyCount "124"]
[EventType "team-tourn"]
[EventCountry "TUR"]
[SourceTitle "playchess.com"]
[Source "ChessBase"]
[SourceQuality "1"]
[WhiteTeam "Marmara"]
[BlackTeam "UGRA"]

{[%evp 19,124,36,36,18,31,-9,-11,-8,-6,0,-7,-16,0,0,0,-16,-12,-13,-4,-9,-7,-19,-18,-22,-17,-21,-11,-13,-8,-22,-14,-32,-33,-38,-35,-58,-31,-42,-38,-41,-43,-39,-39,-55,-55,-44,-39,-37,-11,-20,-14,-120,-39,-46,-44,-54,-59,-85,-98,-123,-104,-241,-241,-368,-367,-365,-360,-1010,-364,-344,-287,-268,-290,-273,-272,-279,-264,-271,-267,-245,-277,-377,-373,-374,-316,-393,-369,-416,-365,-352,-350,-360,-343,-453,-452,-711,-693,-611,-540,-12845,-12845,-12845,-12846,-12846,-12845,-12845,-12846]} 1. e4 c6 2. d4 d5 3. exd5 cxd5 4. Bd3 Nc6 5. c3 Nf6 6. Bf4 Bg4 7. Qb3 Qd7 8. Nd2 e6 9. Ngf3 Bxf3 10. Nxf3 Bd6 11. Be5 {B13: Caro-Kann: Exchange Variation and Panov-Botvinnik Attack} (11. Bg3 Qc7 12. Qc2 Bxg3 13. hxg3 O-O-O 14. O-O-O h6 15. Kb1 Kb8 16. Rde1 Rc8 17. Qe2 Rhd8 18. Rh4 Rd6 {0-1 (49) Cornette,M (2599)-Kasimdzhanov,R (2691) Germany 2016}) 11... Qc7 {[%cal Rd6e5]} 12. O-O Bxe5 13. Nxe5 {The position is equal.} Nxe5 14. dxe5 Qxe5 15. Qb5+ Kf8 $146 ({Predecessor:} 15... Ke7 16. Qxb7+ Nd7 17. Qb4+ Qd6 18. Qh4+ Nf6 {1-0 (35) Afek,Y (2381)-Lupor,S (2218) Germany 2001}) 16. Qxb7 Qb8 17. Qc6 Ke7 18. Qc5+ $1 Qd6 19. Qd4 Rhc8 20. Rae1 Qc5 21. Qe5 Rab8 22. Re2 Rb6 23. Rfe1 h6 24. h3 Kf8 25. Kh1 Nd7 26. Qf4 {White wants to play Rxe6.} Qc7 27. Qf3 Nc5 28. Bb1 Kg8 29. b3 Nd7 30. Qd3 Nf6 (30... Qxc3 31. Qh7+ Kf8 32. Re3 $16) 31. Rc1 Rc6 {[%cal Rc6c3]} 32. Rec2 Qf4 33. Qd4 Qb8 34. c4 e5 (34... dxc4 {with more complications.} 35. Rxc4 Rxc4 36. bxc4 Rd8 37. Qe3 Qb2) 35. Qh4 (35. Qd2 $11) 35... Qb4 (35... e4 $1 $17 36. Re2 (36. cxd5 $2 Rxc2 37. Rxc2 Rxc2 $17) 36... Re6) 36. Qg3 e4 $36 {[%mdl 2048] Black fights for an advantage.} 37. Qe3 dxc4 38. Qxa7 c3 39. a3 {[#]} Qd6 $1 40. Qe3 (40. Kg1 $17 {was worth a try.}) 40... Qxa3 $19 41. Rxc3 (41. f3 $142) 41... Nd5 ({Less strong is} 41... Qxc1+ 42. Qxc1 Rxc3 43. Qb2 $19) 42. Qxe4 Nxc3 ({Not} 42... Rxc3 43. Rxc3 Nxc3 44. Qh7+ Kf8 45. Qh8+ Ke7 46. Qxc8 $17) 43. Qh7+ Kf8 44. Re1 {[%cal Rh7h8]} Re6 45. Qh8+ Ke7 46. Rxe6+ fxe6 47. Qxc8 {[#]} Qc1+ $1 ({Worse is} 47... Nxb1 48. Qc2 $15) 48. Kh2 Qf4+ 49. Kg1 Nxb1 50. g3 Qd4 51. Qb7+ Kf6 52. b4 Nc3 {Hoping for ...Ne4.} 53. Qb8 Qd1+ 54. Kg2 {and the idea Qf8+ leaves White hopeful.} Qd5+ 55. Kg1 Ne2+ 56. Kf1 Nd4 {[%cal Rd5h1] Black is clearly winning.} 57. Qf4+ (57. Kg1 $142) 57... Kg6 {[%cal Rd5h1]} 58. Ke1 Kh7 59. h4 e5 60. Qg4 Nf3+ 61. Ke2 Qd2+ 62. Kxf3 Qd1+ {Precision: White = 43%, Black = 67%.} 0-1

[Event "22nd ECCC Women 2017"]
[Site "Antalya"]
[Date "2017.10.13"]
[Round "5"]
[White "Richard, Emma"]
[Black "Paehtz, Elisabeth"]
[Result "0-1"]
[WhiteElo "2086"]
[BlackElo "2453"]
[Annotator "TA"]
[PlyCount "94"]
[EventType "team-tourn"]
[EventCountry "TUR"]
[SourceTitle "playchess.com"]
[Source "ChessBase"]
[SourceQuality "1"]
[WhiteTeam "Mulhouse Philidor"]
[BlackTeam "Timisoara"]

{[%evp 9,94,-51,-50,-58,-53,-62,-72,-102,-92,-104,-102,-96,-95,-97,-99,-104,-95,-120,-111,-150,-140,-147,-144,-183,-177,-180,-183,-207,-205,-199,-196,-194,-196,-198,-166,-175,-170,-211,-208,-225,-202,-272,-267,-274,-256,-256,-229,-332,-337,-328,-342,-347,-336,-455,-460,-420,-380,-493,-495,-537,-512,-557,-556,-547,-520,-639,-621,-667,-667,-775,-775,-970,-969,-1022,-970,-1144,-1165,-1827,-1775,-2116,-1323,-29990,-29988,-29990,-29991,-29993,-29994]} 1. e4 c6 {[%cal Bc7c6,Bc6c5][%mdl 32]} 2. Nc3 d5 {[%cal Bd7d5,Bd5d4][%mdl 32]} 3. Nf3 Nf6 (3... dxe4 4. Nxe4 Nf6 5. Nxf6+ exf6 6. Bc4 Bd6 7. Qe2+ Be7 8. O-O O-O 9. d4 Bd6 10. c3 Na6 11. Qc2 Re8 12. Nd2 Nc7 13. Bd3 g6 14. Ne4 Bf8 15. Bd2 f5 16. Ng3 Nd5 17. Rfe1 {0-1 (43) Karjakin,S (2773)-Navara,D (2737) Saint Louis 2017}) 4. Qe2 d4 5. Nb1 c5 6. e5 $146 {B11: Caro-Kann: Two Knights Variation} ({Predecessor:} 6. d3 Nc6 7. g3 e5 8. Bg2 Be7 9. O-O O-O 10. h3 Ne8 11. Nbd2 {0-1 (39) Fernandez Lopez,J (2143)-Sos Andreu,E (2362) La Massana 2015}) 6... Nd5 7. d3 Nc6 8. c4 {Black is better.} dxc3 9. Nxc3 Bg4 10. Nxd5 Qxd5 11. Qe4 Bxf3 12. gxf3 Qxe5 13. Qxe5 Nxe5 14. Be2 Rd8 15. Be3 e6 16. O-O-O {[#]} Nc6 $1 17. Rhg1 g6 18. Kb1 Nd4 19. Bxd4 Rxd4 20. Rg4 Bg7 21. Rc1 f5 22. Rxd4 Bxd4 $19 {[%mdl 4096] Endgame KRB-KRB} ({But not} 22... cxd4 23. Rc7 $15) 23. Rf1 Kf7 24. Bd1 Kf6 25. Ba4 Kg5 26. Bb3 e5 27. Bd5 Rd8 28. f4+ (28. Bxb7 $142 Rb8 29. h4+ Kf4 30. Bd5) 28... Kxf4 29. Bg2 b5 30. b3 Rd6 31. h4 h5 32. Kc2 Ra6 33. Kb1 Kg4 34. Bd5 Kxh4 35. Bf7 Kg5 36. Rg1+ Kh6 37. Rg2 Rf6 38. Be8 b4 39. Bb5 g5 {[%cal Bg6g5,Bg5g4][%mdl 32]} 40. Kc2 g4 41. Rh2 Kg5 42. Kd1 h4 43. Ke2 f4 {[%cal Bf5f4,Bf4f3][%mdl 32]} 44. Bd7 f3+ 45. Kf1 Ra6 {Black mates.} 46. Ba4 g3 47. Rh3 Bxf2 {Precision: White = 26%, Black = 77%.} 0-1

[Event "22nd ECCC Women 2017"]
[Site "Antalya"]
[Date "2017.10.12"]
[Round "5"]
[White "Ozbay, Ece"]
[Black "Kovanova, Baira"]
[Result "0-1"]
[WhiteElo "1998"]
[BlackElo "2371"]
[Annotator "NA"]
[PlyCount "112"]
[EventType "team-tourn"]
[EventCountry "TUR"]
[SourceTitle "playchess.com"]
[Source "ChessBase"]
[SourceQuality "1"]
[WhiteTeam "Marmara"]
[BlackTeam "UGRA"]
[TimeControl "40/5400+30:1800+30"]

1. e4 {[%emt 0:00:30]} e5 {[%emt 0:01:00]} 2. Nf3 {[%emt 0:00:30]} Nc6 {[%emt 0:00:30]} 3. Bb5 {[%emt 0:00:30]} a6 {[%emt 0:00:30]} 4. Ba4 {[%emt 0:00:30]} Nf6 {[%emt 0:00:30]} 5. O-O {[%emt 0:00:30]} Be7 {[%emt 0:00:30]} 6. Re1 {[%emt 0:00:00]} b5 {[%emt 0:00:00]} 7. Bb3 {[%emt 0:00:00]} d6 {[%emt 0:00:00]} 8. c3 {[%emt 0:00:00]} O-O {[%emt 0:00:00]} 9. h3 {[%emt 0:00:00] LiveBook: 19285 Games} Nb8 {[%emt 0:00:00]} 10. d4 {[%emt 0:01:30]} Nbd7 {[%emt 0:00:00]} 11. Nbd2 {[%emt 0:01:30]} Bb7 {[%emt 0:00:00]} 12. Bc2 {[%emt 0:01:30]} Re8 {[%emt 0:00:00]} 13. Nf1 {[%emt 0:00:30]} Bf8 {[%emt 0:00:00]} 14. Ng3 {[%emt 0:00:30]} g6 {[%emt 0:00:00]} 15. b3 {[%emt 0:07:30]} c5 {[%emt 0:04:00]} 16. d5 {[%emt 0:00:30]} Qc7 {[%emt 0:01:30]} 17. Be3 {[%emt 0:02:30]} c4 {[%emt 0:07:30]} 18. b4 {[%emt 0:00:30]} a5 {[%emt 0:01:30]} 19. a3 {[%emt 0:00:30]} h6 {[%emt 0:07:30]} 20. Qd2 {[%emt 0:02:30]} Kh7 {[%emt 0:00:00]} 21. Nf1 {[%emt 0:08:30]} Ra6 {[%emt 0:08:00]} 22. Reb1 {[%emt 0:06:30]} Rea8 {[%emt 0:01:30]} 23. Qd1 {[%emt 0:00:30]} Nb6 {[%emt 0:07:30]} 24. N1d2 {[%emt 0:02:30]} Nfd7 $2 {[%emt 0:11:30]} (24... Nfxd5 $17 25. exd5 Nxd5) 25. g4 {[%emt 0:05:30]} Bg7 {[%emt 0:08:30]} 26. g5 {[%emt 0:11:30]} h5 {[%emt 0:02:30]} 27. h4 {[%emt 0:03:30]} Bc8 {[%emt 0:06:30]} 28. Kh2 {[%emt 0:15:30]} axb4 {[%emt 0:14:04]} 29. axb4 {[%emt 0:02:30]} Qa7 {[%emt 0:02:01]} 30. Rxa6 {[%emt 0:00:30]} Qxa6 {[%emt 0:00:15]} 31. Rb2 {[%emt 0:05:30]} Nf8 {[%emt 0:07:53]} 32. Bb1 {[%emt 0:05:21]} Na4 {[%emt 0:04:18]} 33. Ra2 {[%emt 0:00:29]} Qb7 {[%emt 0:01:06]} 34. Qc2 {[%emt 0:00:25]} Qd7 {[%emt 0:00:21]} 35. Qc1 {[%emt 0:11:18]} Qh3+ {[%emt 0:03:48]} 36. Kg1 {[%emt 0:00:01]} Qg4+ {[%emt 0:00:54]} 37. Kf1 {[%emt 0:00:15]} Ra6 {[%emt 0:00:22]} 38. Ra3 {[%emt 0:01:01]} Nd7 {[%emt 0:01:02]} 39. Ke2 {[%emt 0:01:04]} Ndb6 {[%emt 0:00:24]} 40. Qg1 {[%emt 0:00:00]} Qd7 {[%emt 0:31:24]} 41. Bc2 {[%emt 0:03:06]} Qb7 {[%emt 0:00:00]} 42. Qa1 {[%emt 0:01:30]} Qa8 {[%emt 0:00:00]} 43. Qc1 {[%emt 0:02:30]} Bg4 {[%emt 0:00:00]} 44. Ke1 {[%emt 0:02:30]} Nxc3 {[%emt 0:00:00]} ({Besser ist} 44... Qc8 $11) 45. Rxc3 {[%emt 0:03:30]} Ra1 {[%emt 0:00:00]} 46. Bb1 {[%emt 0:05:30]} Na4 {[%emt 0:00:00]} 47. Ke2 {[%emt 0:15:07]} Nxc3+ {[%emt 0:00:00]} 48. Qxc3 {[%emt 0:00:30]} Ra3 {[%emt 0:00:00]} 49. Qc2 {[%emt 0:00:30]} c3 {[%emt 0:00:00]} 50. Nf1 {[%emt 0:00:30]} Qc8 {[%emt 0:00:00]} 51. Ba2 {[%emt 0:00:18]} (51. N1h2 $142 Qc4+ 52. Kd1) 51... Bxf3+ {[%emt 0:00:00]} 52. Ke1 {[%emt 0:04:30]} Bxe4 {[%emt 0:00:35]} 53. Qxe4 {[%emt 0:00:30]} Rxa2 {[%emt 0:00:30]} 54. Bc1 {[%emt 0:00:12]} Qf5 {[%emt 0:01:13]} 55. Qxf5 $19 {[%emt 0:01:19]} gxf5 {[%emt 0:00:05]} 56. Ne3 {[%emt 0:00:51]} Kg6 {[%emt 0:00:09]} 0-1

[Event "22nd ECCC Women 2017"]
[Site "Antalya"]
[Date "2017.10.13"]
[Round "5"]
[White "Sade, Defne"]
[Black "Ovechkin, Lilia"]
[Result "1-0"]
[WhiteElo "1951"]
[BlackElo "1779"]
[Annotator "NA"]
[PlyCount "49"]
[EventType "team-tourn"]
[EventCountry "TUR"]
[SourceTitle "playchess.com"]
[Source "ChessBase"]
[SourceQuality "1"]
[WhiteTeam "Aegean"]
[BlackTeam "Beer Sheva"]
[TimeControl "40/5400+30:1800+30"]

1. e4 g6 2. d4 Bg7 3. Nc3 {[%emt 0:00:30]} c5 {[%emt 0:03:00]} 4. Nf3 {[%emt 0:12:30]} Nc6 {[%emt 0:03:30]} 5. d5 {[%emt 0:05:30]} Ne5 {[%emt 0:03:30]} 6. Nxe5 {[%emt 0:01:30]} Bxe5 {[%emt 0:00:30]} 7. f4 {[%emt 0:00:30]} Bg7 {[%emt 0:03:30]} 8. Be2 {[%emt 0:01:30]} d6 {[%emt 0:00:30]} 9. O-O {[%emt 0:11:30]} Bd7 {[%emt 0:03:30]} 10. Kh1 {[%emt 0:10:30]} a6 {[%emt 0:03:30]} 11. a4 {[%emt 0:04:30]} Qc7 {[%emt 0:03:30]} 12. Bc4 {[%emt 0:04:30]} e6 {[%emt 0:02:30]} 13. dxe6 {[%emt 0:05:30]} Bxe6 {[%emt 0:09:30]} 14. Bxe6 {[%emt 0:01:30]} fxe6 {[%emt 0:00:30]} 15. f5 {[%emt 0:06:30]} Qd7 {[%emt 0:25:30]} 16. fxe6 {[%emt 0:00:30]} Qxe6 {[%emt 0:00:30]} 17. Qd5 {[%emt 0:11:30]} Qxd5 {[%emt 0:08:30]} 18. Nxd5 {[%emt 0:00:30]} O-O-O {[%emt 0:02:30]} 19. Bg5 {[%emt 0:00:30]} Re8 {[%emt 0:02:30]} 20. Rf7 {[%emt 0:00:30]} h6 {[%emt 0:04:52]} 21. Bh4 {[%emt 0:09:09]} g5 {[%emt 0:02:21]} 22. Rxg7 {[%emt 0:00:06]} gxh4 {[%emt 0:01:33]} 23. Rf1 {[%emt 0:00:14]} Kd8 {[%emt 0:06:34]} 24. Rff7 {[%emt 0:00:16]} Rxe4 {[%emt 0:00:22]} 25. Rd7+ {[%emt 0:00:57]} 1-0

[Event "22nd ECCC Women 2017"]
[Site "Antalya"]
[Date "2017.10.12"]
[Round "5"]
[White "Ayan, Bengu Sena"]
[Black "Klinova, Masha"]
[Result "0-1"]
[WhiteElo "1888"]
[BlackElo "2289"]
[Annotator "NA"]
[PlyCount "72"]
[EventType "team-tourn"]
[EventCountry "TUR"]
[SourceTitle "playchess.com"]
[Source "ChessBase"]
[SourceQuality "1"]
[WhiteTeam "Aegean"]
[BlackTeam "Beer Sheva"]
[TimeControl "40/5400+30:1800+30"]

1. d4 d6 2. Nf3 Nf6 3. g3 g6 4. Bg2 Bg7 5. O-O O-O 6. c4 {[%emt 0:01:00]} c6 {[%emt 0:03:30]} 7. b3 {[%emt 0:00:30]} Bf5 {[%emt 0:01:30]} 8. Bb2 {[%emt 0:00:30] E60: King's Indian: Unusual lines and Fianchetto Variation without Nc3} d5 {[%emt 0:03:30]} (8... a5 9. Nc3 Ne4 10. Nh4 Nxc3 11. Bxc3 Bc8 12. Qd2 d5 13. Nf3 Nd7 14. cxd5 cxd5 15. Ne5 Nf6 {1-0 (52) Dubov,D (2648)-Rakhmanov,A (2662) Sochi 2016}) 9. cxd5 $146 {[%emt 0:08:30]} ({Predecessor:} 9. Nc3 Ne4 10. Nxe4 Bxe4 11. Qd2 a5 12. Rfc1 Nd7 13. cxd5 cxd5 14. Qf4 a4 15. Qc7 {½-½ (57) Vykouk,J (2431)-Morozov,N (2458) Rymanow Zdroj 2017}) 9... cxd5 {[%emt 0:00:30]} 10. Nc3 {[%emt 0:01:30]} Ne4 {[%emt 0:03:30]} 11. Nh4 {[%emt 0:08:30]} Nxc3 {[%emt 0:03:30]} 12. Bxc3 {[%emt 0:00:30]} Be6 {[%emt 0:01:30]} 13. Rc1 {[%emt 0:09:30]} Nc6 {[%emt 0:00:30]} 14. Qd2 {[%emt 0:02:30]} Qd7 {[%emt 0:05:30]} 15. Rfd1 {[%emt 0:03:30]} Rac8 {[%emt 0:08:30]} 16. e4 {[%emt 0:14:30]} Rcd8 {[%emt 0:10:30]} 17. e5 {[%emt 0:06:30]} f6 {[%emt 0:01:30]} 18. exf6 {[%emt 0:05:30]} Bxf6 {[%emt 0:08:30]} 19. Nf3 {[%emt 0:04:30]} Bg4 {[%emt 0:02:30]} 20. Qe3 {[%emt 0:08:30]} Qf5 {[%emt 0:03:30]} 21. Rd3 {[%emt 0:03:30]} Bxf3 $11 {[%emt 0:18:30]} 22. Qxf3 {[%emt 0:00:30]} Qxf3 {[%emt 0:00:30]} 23. Bxf3 {[%emt 0:01:59]} Bxd4 {[%emt 0:04:32]} 24. Bxd4 {[%emt 0:01:53]} Nxd4 {[%emt 0:00:28]} 25. Rxd4 {[%emt 0:00:09]} Rxf3 {[%emt 0:00:30]} 26. Rc7 {[%emt 0:02:07]} Rf7 {[%emt 0:06:50]} 27. Rxb7 {[%emt 0:03:30]} e5 {[%emt 0:00:53]} 28. Rdb4 {[%emt 0:01:41]} Rdd7 {[%emt 0:01:12]} 29. Rb8+ {[%emt 0:02:09]} Kg7 {[%emt 0:00:27]} 30. Re8 {[%emt 0:00:51]} e4 {[%emt 0:04:00]} 31. Kf1 {[%emt 0:04:44]} Rc7 {[%emt 0:01:10]} 32. Rd4 {[%emt 0:04:51]} Rc2 {[%emt 0:00:09]} 33. f4 {[%emt 0:00:51]} exf3 {[%emt 0:00:47]} 34. Rxd5 {[%emt 0:00:35]} Rxh2 {[%emt 0:01:02]} 35. Red8 {[%emt 0:01:35]} f2 {[%emt 0:01:14]} 36. Rd1 {[%emt 0:00:21]} Rh1+ {[%emt 0:00:14]} 0-1

[Event "22nd ECCC Women 2017"]
[Site "Antalya"]
[Date "2017.10.12"]
[Round "5"]
[White "Brusilovski, Lena"]
[Black "Celik, Eda"]
[Result "1-0"]
[WhiteElo "1881"]
[BlackElo "1880"]
[Annotator "NA"]
[PlyCount "99"]
[EventType "team-tourn"]
[EventCountry "TUR"]
[SourceTitle "playchess.com"]
[Source "ChessBase"]
[SourceQuality "1"]
[WhiteTeam "Beer Sheva"]
[BlackTeam "Aegean"]
[TimeControl "40/5400+30:1800+30"]

1. e4 e5 2. Nf3 Nc6 3. Bc4 {[%emt 0:01:30]} Nf6 {[%emt 0:01:00]} 4. d3 {[%emt 0:02:30]} h6 {[%emt 0:00:30]} 5. O-O {[%emt 0:02:30]} d6 {[%emt 0:00:00]} 6. c3 {[%emt 0:00:30]} g6 {[%emt 0:00:00]} 7. Bb3 {[%emt 0:01:30]} Bg7 {[%emt 0:00:30]} 8. Re1 {[%emt 0:01:30]} O-O {[%emt 0:00:30]} 9. Nbd2 {[%emt 0:00:30]} Na5 {[%emt 0:03:30]} 10. Bc2 {[%emt 0:00:30]} c5 {[%emt 0:00:00]} 11. Nf1 {[%emt 0:00:30]} Nc6 {[%emt 0:01:00]} 12. h3 {[%emt 0:05:30]} Be6 {[%emt 0:04:30]} 13. Ng3 {[%emt 0:01:30]} d5 {[%emt 0:05:30]} 14. Qe2 {[%emt 0:02:30]} d4 {[%emt 0:05:30]} 15. Bd2 {[%emt 0:02:30]} b5 {[%emt 0:06:30]} 16. a4 {[%emt 0:02:30]} a6 {[%emt 0:02:30]} 17. Nh2 {[%emt 0:01:30]} Nd7 {[%emt 0:06:30]} 18. c4 {[%emt 0:05:30]} bxc4 {[%emt 0:03:30]} 19. dxc4 {[%emt 0:00:30]} Rb8 {[%emt 0:05:30]} 20. b3 {[%emt 0:01:30]} Nb4 {[%emt 0:05:30]} 21. Bc1 {[%emt 0:01:30]} f5 {[%emt 0:09:30]} 22. exf5 {[%emt 0:05:30]} gxf5 {[%emt 0:00:30]} 23. Nh5 {[%emt 0:01:30]} e4 {[%emt 0:06:30]} 24. Nxg7 {[%emt 0:01:30]} Kxg7 {[%emt 0:00:00]} 25. Bb1 {[%emt 0:00:30]} Qf6 {[%emt 0:04:00]} 26. Bb2 {[%emt 0:04:30]} Ne5 {[%emt 0:03:30]} 27. Ng4 {[%emt 0:13:30]} fxg4 {[%emt 0:09:03]} 28. Qxe4 {[%emt 0:00:30]} Bf5 {[%emt 0:09:05]} 29. Qxe5 {[%emt 0:00:30]} Qxe5 {[%emt 0:00:43]} 30. Rxe5 {[%emt 0:00:30]} Bxb1 {[%emt 0:00:00]} 31. Rxb1 {[%emt 0:00:30]} Nd3 {[%emt 0:00:00]} 32. Re2 {[%emt 0:00:30]} Rxb3 {[%emt 0:02:50]} 33. Bxd4+ {[%emt 0:01:30]} cxd4 {[%emt 0:00:08]} 34. Rxb3 {[%emt 0:00:00]} Nc1 {[%emt 0:06:09]} 35. Rb7+ {[%emt 0:00:00]} Kf6 {[%emt 0:01:16]} 36. Rc2 {[%emt 0:00:30]} Nd3 {[%emt 0:01:08]} 37. Rd2 {[%emt 0:00:30]} Nc5 {[%emt 0:00:28]} 38. Rb6+ {[%emt 0:01:30]} Ke5 {[%emt 0:00:42]} 39. hxg4 {[%emt 0:00:30]} Ne4 {[%emt 0:01:05]} 40. Rd1 {[%emt 0:00:00]} Rxf2 {[%emt 0:01:23]} 41. Rxh6 {[%emt 0:02:00]} Ra2 {[%emt 0:06:30]} 42. Rxa6 {[%emt 0:00:30]} Nc3 {[%emt 0:03:30]} 43. Re1+ {[%emt 0:00:30]} Kf4 {[%emt 0:00:30]} 44. Rd6 {[%emt 0:00:30]} Kg3 {[%emt 0:01:30]} 45. Kh1 {[%emt 0:01:30]} Rxg2 {[%emt 0:12:11]} 46. Rg1 {[%emt 0:00:30]} Rxg1+ {[%emt 0:03:22]} 47. Kxg1 {[%emt 0:00:30]} Ne2+ {[%emt 0:00:52]} 48. Kf1 {[%emt 0:00:30]} Kf3 {[%emt 0:00:56]} 49. Rf6+ {[%emt 0:01:30]} Ke3 {[%emt 0:00:09]} 50. Re6+ {[%emt 0:00:00]} 1-0

[Event "22nd ECCC Women 2017"]
[Site "Antalya"]
[Date "2017.10.12"]
[Round "5"]
[White "Ince, Safiye Oyku"]
[Black "Yildiz, Betul Cemre"]
[Result "0-1"]
[WhiteElo "1861"]
[BlackElo "2350"]
[Annotator "NA"]
[PlyCount "86"]
[EventType "team-tourn"]
[EventCountry "TUR"]
[SourceTitle "playchess.com"]
[Source "ChessBase"]
[SourceQuality "1"]
[WhiteTeam "Mediterranean"]
[BlackTeam "Anatolia"]
[TimeControl "40/5400+30:1800+30"]

1. e4 e5 2. Nf3 Nc6 3. d4 exd4 4. Nxd4 {[%emt 0:00:00]} Bb4+ {[%emt 0:02:30]} 5. Nc3 {[%emt 0:02:30] C45: Schottische Partie} (5. c3 Be7 6. Nxc6 bxc6 7. Bd3 d6 8. O-O Nf6 9. Re1 O-O 10. Nd2 Re8 11. Nf3 Nd7 12. Bf4 Nc5 13. Bc2 Bg4 14. h3 Bh5 15. Be3 Nd7 16. Ba4 c5 {0-1 (29) So,W (2810)-Carlsen,M (2822) Saint Louis 2017}) 5... Qe7 {[%emt 0:08:30]} 6. Qd3 {[%emt 0:13:30]} Nf6 {[%emt 0:07:30]} 7. Bd2 {[%emt 0:13:30]} Bxc3 $146 {[%emt 0:21:30]} ({Vorgänger:} 7... Nxd4 8. Qxd4 O-O 9. Bd3 Bc5 10. Qc4 Ng4 11. O-O Qh4 12. Bf4 Bxf2+ 13. Kh1 Nxh2 14. Qxc7 Nxf1+ 15. Bh2 Ng3+ {0-1 (15) Waclawski,K (1551)-Vogel,J (1951) Koblenz 2003}) 8. Bxc3 {[%emt 0:00:00]} Qxe4+ {[%emt 0:01:30]} 9. Qxe4+ {[%emt 0:01:00]} Nxe4 {[%emt 0:00:00]} 10. Nxc6 {[%emt 0:02:30]} Nxc3 {[%emt 0:02:00]} 11. Nxa7 {[%emt 0:00:30]} Rxa7 {[%emt 0:00:30]} 12. bxc3 {[%emt 0:00:00]} Ra5 {[%emt 0:05:30]} 13. Bd3 {[%emt 0:12:00]} d6 {[%emt 0:02:30]} 14. Kd2 {[%emt 0:01:30]} O-O {[%emt 0:02:30]} 15. Rhb1 {[%emt 0:00:30]} b6 {[%emt 0:03:30]} 16. Bc4 {[%emt 0:08:30]} d5 {[%emt 0:05:30]} 17. Bd3 {[%emt 0:01:30]} Be6 {[%emt 0:00:30]} 18. Rb5 {[%emt 0:06:30]} Ra3 {[%emt 0:00:30]} 19. Rb3 {[%emt 0:04:30]} Rfa8 {[%emt 0:02:30]} 20. Rb2 {[%emt 0:02:30]} Kf8 {[%emt 0:01:30]} 21. Be2 {[%emt 0:05:30]} Ke7 {[%emt 0:00:30]} 22. Bf3 {[%emt 0:00:30]} R8a4 {[%emt 0:00:30]} 23. Rb4 $17 {[%emt 0:03:30]} Rxb4 {[%emt 0:14:42]} 24. cxb4 {[%emt 0:00:30]} d4 {[%emt 0:00:00]} 25. Be2 {[%emt 0:01:30]} Kd6 {[%emt 0:03:22]} 26. b5 {[%emt 0:00:30]} Rxa2 {[%emt 0:00:45]} 27. Rc1 {[%emt 0:03:57]} Kc5 {[%emt 0:01:07]} 28. Bd3 {[%emt 0:01:00]} h6 {[%emt 0:05:59]} 29. Re1 {[%emt 0:00:09]} Ra8 {[%emt 0:01:55]} 30. Re5+ {[%emt 0:01:00]} Kd6 {[%emt 0:00:30]} 31. Re4 {[%emt 0:00:00]} Kd5 {[%emt 0:00:32]} 32. Rh4 {[%emt 0:00:02]} Rd8 {[%emt 0:00:52]} 33. Rh5+ {[%emt 0:00:22]} Kd6 {[%emt 0:00:30]} 34. f4 {[%emt 0:00:05]} f6 {[%emt 0:04:48]} 35. f5 {[%emt 0:00:57]} Bd5 {[%emt 0:00:05]} 36. Rh4 {[%emt 0:00:00]} Kc5 {[%emt 0:00:26]} 37. Rg4 {[%emt 0:00:10]} Rd7 {[%emt 0:00:00]} 38. c3 {[%emt 0:00:44]} Bc4 {[%emt 0:03:34]} 39. Bxc4 {[%emt 0:00:05]} Kxc4 {[%emt 0:00:23]} 40. Kc2 {[%emt 0:00:00]} Kxb5 {[%emt 0:00:30]} 41. cxd4 {[%emt 0:00:59]} Kc4 {[%emt 0:00:30]} 42. Rg3 {[%emt 0:00:00]} Re7 {[%emt 0:01:30]} 43. Rg4 {[%emt 0:00:00]} h5 {[%emt 0:01:30]} 0-1